00648nam a2200241 a 4500001001300000003000900013005001700022008004100039020000800080082001600088100001900104245002200123260002700145300000900172500003500181505001000216650002100226700001900247902000800266942000700274952011200281999001300393nice12345678IN_TiNIC20260116011321.0050524s1968 bana grp 000 0 eng  ac000a181.4bDEV1 aDevdas, Nalini aSvami Vivekananda aBangalorebCISRSc1968 a224p aincludes index and biblioraphy2 aIndex aPhilosophy-Hindu1 aDevdas, Nalini bSRS cBK 001040708StackRoom-aHMIbHMId2005-05-24g0.00l0o181.4 DEV1p03622r2005-05-24v0.00w2005-05-24yBK c444d444